Statistiques concernant La réponse est un insecte

Cliquez ici pour prendre le quiz!

Statistiques générales

  • Ce quiz a été pris 332 fois
  • Le résultat moyen est 7 sur 15

Statistiques - réponses

IndicesRéponses% Correct
Quatrième véhicule motorisé le plus vendu de l'histoire, créé par Volkswagen
en 1938 à la demande d'Hitler
Coccinelle
92%
Fils du frère de ma mère par exempleCousin
92%
Style de nage olympique, avec le crawl, la brasse et le dos crawléPapillon
84%
En France, le 17 peut vous permettre de les joindreGendarme
78%
D'honneur, elle accompagne la mariéeDemoiselle
72%
Un Inconnu prénommé DidierBourdon
65%
Fidèle second du Capitaine Crochet dans Peter PanMouche
62%
Composant électronique également appelé circuit intégré pouvant être
numérique ou analogique
Puce
55%
Célèbre salle de spectacle du dix-huitième arrondissement parisien ayant
réouvert ses portes en 1983, après avoir été reconvertie en cinéma spécialisé
Cigale
42%
Chimère à corps de lion et tête d'hommeSphinx
36%
Clou à large tête plate breveté par Edwin Moore en 1900Punaise
26%
Pièce d'échecs dite "féérique" aux mouvements calqués sur ceux de la dame
mais en sautant au-dessus d'autres pièces
Sauterelle
16%
Généralement de titre héréditaire, à l'image des rois de France, il
peut également être élu, en témoigne certains doges ou même le Pape
Monarque
9%
Chanteuse rennaise, police d'écriture pour personnes malvoyantes
ou logiciel d'animation
Luciole
4%
Poète latin à l'origine de la Pharsale, épopée sur la guerre civile
opposant César à Pompée
Lucanus
3%

Distribution des résultats

Percentile par nombre de réponses

% des personnes avec chaque résultat

Votre développement - résultats

Vous n’avez pas pris ce quiz